000 00555nam a2200157 a 4500
001 000031052
005 20200930062656.0
008 110613s2001 dr 000 0 spa d
040 _aDO-SdBNP
_bspa
_cBNPHU
082 _axxxx
_bE96e
245 0 3 _aLa experiencia de la sociedad civil en la República Dominicana.
246 1 4 _aParticipación de la sociedad civil en la Cumbre de las Américas :
_bexperiencia de la República Dominicana
260 _aSanto Domingo :
_bTalleres Gráficos de Mediabyte,
_c2001.
300 _a37 p. ;
_c22 cm.
049 _aBNPD
999 _c30544
_d30544